| 000 | 00601nam a22001937a 4500 | ||
|---|---|---|---|
| 003 | LK-CoDNM | ||
| 005 | 20250107113002.0 | ||
| 008 | 250107b |||||||| |||| 00| 0 eng d | ||
| 040 |
_aLK-CoDNM _dLK-CoDNM _eLK-CoDNM |
||
| 041 | _aeng | ||
| 080 |
_a4 _bI23 |
||
| 100 | _aP. E. P. Deraniyagala | ||
| 245 |
_aThe Loggerhead Turtles In The Natinal Musuem Of Ireland, with Special Reference To Those Taken In Irish Waters. _bSeptember 1938 No. 3 |
||
| 260 |
_aCambridge _bHarvard University Press _c1933 |
||
| 300 | _a4p. : ill , 21 cm | ||
| 490 | _vVolume vii | ||
| 650 | _aScience | ||
| 942 | _cBK | ||
| 999 |
_c235242 _d235242 |
||